| LEADER 00000nam 2200000uu 4500 |
| 001 206539 |
| 003 ULIBM |
| 008 110922s2554||||th 000 0 tha d |
| 040 ^aBcnkk.
|
| 041 0 ^aTha
|
| 060 0 PL 4221 ป349 2554.
|
| 100 0 ^aประมวล พิมพ์เสน.
|
| 245 00 ^aภาษาและวรรณกรรมท้องถิ่นอีสาน./^bเรียบเรียงโดยประมวล พิมพ์เสน.
|
| 246 0 ^aบอกลูกหลาน 9.
|
| 250 ^aพิมพ์ครั้งที่ 3.
|
| 260 ^aขอนแก่น : ^bโรงพิมพ์คลังนานาวิทยา,^c2554.
|
| 300 ^aจำนวน 192 หน้า ;^bภาพประกอบ.
|
| 650 0 ^aความเป็นอยู่และประเพณี - - ^zไทย - - ^zขอนแก่น.
|
| 650 0 ^aวรรณกรรมพื้นบ้าน - - ^zไทย(ภาคตะวันออกเฉียงเหนือ).
|
| 650 0 ^aวรรณกรรมไทย(ภาคตะวันออกเฉียงเหนือ).
|
| 710 1 ^aขอนแก่น.ศูนย์การถ่ายทอดภูมิปัญญาไทยภาคตะวันออกเฉียงเหนือ.
|
| 999 ^aใช้งานได้ทุกระบบ
|